000 07142cam a2201405 a 4500
999 _c54461
001 15179597
003 LIBRIS
005 20201111142310.0
008 140206s2014 sw |||||||||||000 f|swe|d
020 _a9789175371030
_qinb.
035 _a(BOKR)9789175371030
040 _aBOKR
_dS
_ea
041 1 _aswe
_heng
082 0 4 _a823.914
_223/swe
100 1 _aPearse, Lesley
_4aut
_0https://libris.kb.se/20dhm59l5rw3mrm#it
240 1 0 _aForgive me.
_lSvenska
245 1 0 _aFörlåt mig /
_cLesley Pearse ; översättning: Britt-Marie Thieme.
264 1 _aStockholm :
_bDamm,
_c2014
264 3 _aFalun :
_bScandbook
300 _a447 s.
_c23 cm
500 _aFörsta svenska upplaga 2014
700 1 _aThieme, Britt-Marie,
_d1953-
_4trl
_0https://libris.kb.se/97mpskct11bs0r4#it
887 _a{"@id":"7rkqzrrk35kjdcj","modified":"2016-04-04T14:59:22+02:00","checksum":"144053424467"}
_2librisxl
887 _a{"@id":"37f1t1684tdnjcz","modified":"2014-03-19T19:22:44+01:00","checksum":"62035016913"}
_2librisxl
887 _a{"@id":"04bx2rs52lmvgcd","modified":"2014-03-21T16:26:28+01:00","checksum":"57214875039"}
_2librisxl
887 _a{"@id":"26fb3sk73zq4zjn","modified":"2016-01-25T13:15:11+01:00","checksum":"59103928848"}
_2librisxl
887 _a{"@id":"qv2pxchw5sdzw1p","modified":"2014-03-24T19:33:18+01:00","checksum":"50568581539"}
_2librisxl
887 _a{"@id":"tz5rm8b01rk2j5w","modified":"2014-03-24T14:27:33+01:00","checksum":"54778461475"}
_2librisxl
887 _a{"@id":"04bz5f45071h6r1","modified":"2014-03-31T11:30:52+02:00","checksum":"56079346361"}
_2librisxl
887 _a{"@id":"ns0lqhwt21kdtjw","modified":"2014-03-21T16:37:21+01:00","checksum":"53154337245"}
_2librisxl
887 _a{"@id":"6bj5hzzc0j0cblk","modified":"2014-06-17T12:08:50+02:00","checksum":"56160323070"}
_2librisxl
887 _a{"@id":"0cx5lk6txk0bqbnr","modified":"2020-08-06T08:53:41.054+02:00","checksum":"55653677236"}
_2librisxl
887 _a{"@id":"6bj41j9c09zhjnl","modified":"2014-03-11T14:23:54+01:00","checksum":"65951970523"}
_2librisxl
887 _a{"@id":"glsfnpfm3qrjcvv","modified":"2014-03-24T17:33:27+01:00","checksum":"53592189612"}
_2librisxl
887 _a{"@id":"djqb4hqk5rt09gt","modified":"2014-03-04T15:23:45+01:00","checksum":"57591364113"}
_2librisxl
887 _a{"@id":"37f38gj82x29vcm","modified":"2014-05-09T16:08:28+02:00","checksum":"52177569792"}
_2librisxl
887 _a{"@id":"48g266l952hcmzx","modified":"2014-03-21T17:29:32+01:00","checksum":"59368980855"}
_2librisxl
887 _a{"@id":"59h3704b4rhnrj2","modified":"2014-08-15T08:06:03+02:00","checksum":"54127451243"}
_2librisxl
887 _a{"@id":"w17t1kr20vt60bt","modified":"2014-05-05T18:12:28+02:00","checksum":"55062394349"}
_2librisxl
887 _a{"@id":"9fm9l8kg3rx7lwt","modified":"2014-05-08T15:35:44+02:00","checksum":"81816190684"}
_2librisxl
887 _a{"@id":"lqxj73lr0qzhx4v","modified":"2014-03-31T16:30:41+02:00","checksum":"45151747740"}
_2librisxl
887 _a{"@id":"59jbhwgb5bzwcrl","modified":"2015-05-20T18:07:14+02:00","checksum":"57245603211"}
_2librisxl
887 _a{"@id":"26f7s7m70rxzb94","modified":"2015-10-19T20:11:12+02:00","checksum":"59146345962"}
_2librisxl
887 _a{"@id":"rw3pb2zx49kkbb6","modified":"2015-05-27T16:27:56+02:00","checksum":"49438936418"}
_2librisxl
887 _a{"@id":"sx4qv1gz4p71r7m","modified":"2014-03-20T18:44:08+01:00","checksum":"54814643428"}
_2librisxl
887 _a{"@id":"26d2jt97064kdtm","modified":"2014-05-14T09:21:24+02:00","checksum":"91801862614"}
_2librisxl
887 _a{"@id":"59h5b6vb3bncxdn","modified":"2014-05-07T16:54:03+02:00","checksum":"76478638162"}
_2librisxl
887 _a{"@id":"qv2npvww5f934hq","modified":"2014-03-15T11:28:36+01:00","checksum":"55043349170"}
_2librisxl
887 _a{"@id":"8dl7qbvf1x9b3rm","modified":"2014-04-02T13:34:25+02:00","checksum":"59902776412"}
_2librisxl
887 _a{"@id":"qv2nkwkw3hsfbg5","modified":"2014-05-05T18:17:28+02:00","checksum":"61253272709"}
_2librisxl
887 _a{"@id":"djqdwr4k1tr2cd0","modified":"2014-05-16T10:55:49+02:00","checksum":"66869559796"}
_2librisxl
887 _a{"@id":"mrzmtx4s57p84f8","modified":"2014-05-07T14:09:29+02:00","checksum":"62980610842"}
_2librisxl
887 _a{"@id":"15cz2s660g7qnnf","modified":"2014-05-05T18:18:26+02:00","checksum":"47923112176"}
_2librisxl
887 _a{"@id":"7clgsspd5qn93x4","modified":"2015-11-16T10:37:24+01:00","checksum":"76925690426"}
_2librisxl
900 1 s _6100
_uPearse, Lesley
942 _2z
_cBOOK